Acteurs et actrices des années 1990 par images #3 - Statistiques

Statistiques générales
  • Ce quiz a été pris 186 fois
  • Le résultat moyen est 8 sur 20
Statistiques - réponses
Par images Réponse % Correct
Keanu Reeves
84%
Denzel Washington
70%
Liam Neeson
69%
Arielle Dombasle
65%
Patrick Timsit
56%
Gwyneth Paltrow
53%
Fanny Ardant
51%
Vincent Lindon
49%
Sharon Stone
41%
Roberto Benigni
40%
Julianne Moore
35%
Meg Ryan
31%
Judith Godrèche
30%
Virginie Ledoyen
28%
Laurence Fishburne
26%
Andy Garcia
24%
Jeff Bridges
22%
Joe Pesci
20%
Frances McDormand
16%
Nick Nolte
9%
Aucun quiz correspondant
Distribution des résultats
% des personnes avec chaque résultat
Percentile par nombre de réponses
Votre historique - résultats
Vous n’avez pas pris ce quiz